000
00295nam a2200109Ia 4500
008
190902s9999||||xx |||||||||||||| ||und||
100
_a
Wilhoit,Robert
245
0
_a
Selected Readings in Public Speaking
260
_a
California
_b
Dickenson publishing company
_c
1966
300
_a
264p.:
942
_c
BK
999
_c
2813
_d
2813